| 000 | 004210000a22001450004500 | ||
|---|---|---|---|
| 003 | MACL | ||
| 040 | _aMACL | ||
| 090 |
_c4313 _d4312 |
||
| 100 | _aAgrawal, S.P. | ||
| 245 |
_aNational Information Resources For Social Sciences In India _bMobilisation Dispersal and International Enhancement |
||
| 260 |
_bConcept Publishing Company _c1992 |
||
| 350 | _a225 | ||
| 650 | _aLibrary And Information Science | ||
| 942 |
_cBOOK _k020 |
||
| 999 |
_c4279 _d4279 |
||